<?xml version="1.0" encoding="UTF-8"?><?xml-stylesheet type="text/xsl" href="static/style.xsl"?><OAI-PMH xmlns="http://www.openarchives.org/OAI/2.0/" xmlns:xsi="http://www.w3.org/2001/XMLSchema-instance" xsi:schemaLocation="http://www.openarchives.org/OAI/2.0/ http://www.openarchives.org/OAI/2.0/OAI-PMH.xsd"><responseDate>2026-04-17T05:49:15Z</responseDate><request verb="GetRecord" identifier="oai:www.recercat.cat:2445/33816" metadataPrefix="marc">https://recercat.cat/oai/request</request><GetRecord><record><header><identifier>oai:recercat.cat:2445/33816</identifier><datestamp>2025-12-05T17:11:27Z</datestamp><setSpec>com_2072_1057</setSpec><setSpec>col_2072_478804</setSpec><setSpec>col_2072_478917</setSpec></header><metadata><record xmlns="http://www.loc.gov/MARC21/slim" xmlns:dcterms="http://purl.org/dc/terms/" xmlns:xsi="http://www.w3.org/2001/XMLSchema-instance" xmlns:doc="http://www.lyncode.com/xoai" xsi:schemaLocation="http://www.loc.gov/MARC21/slim http://www.loc.gov/standards/marcxml/schema/MARC21slim.xsd">
   <leader>00925njm 22002777a 4500</leader>
   <datafield ind2=" " ind1=" " tag="042">
      <subfield code="a">dc</subfield>
   </datafield>
   <datafield ind2=" " ind1=" " tag="720">
      <subfield code="a">Gràcia, Enric</subfield>
      <subfield code="e">author</subfield>
   </datafield>
   <datafield ind2=" " ind1=" " tag="720">
      <subfield code="a">Auzende, Jean Marie</subfield>
      <subfield code="e">author</subfield>
   </datafield>
   <datafield ind2=" " ind1=" " tag="720">
      <subfield code="a">Canals Artigas, Miquel</subfield>
      <subfield code="e">author</subfield>
   </datafield>
   <datafield ind2=" " ind1=" " tag="260">
      <subfield code="c">2013-02-12T18:07:55Z</subfield>
   </datafield>
   <datafield ind2=" " ind1=" " tag="260">
      <subfield code="c">2013-02-12T18:07:55Z</subfield>
   </datafield>
   <datafield ind2=" " ind1=" " tag="260">
      <subfield code="c">1992</subfield>
   </datafield>
   <datafield ind2=" " ind1=" " tag="260">
      <subfield code="c">2013-02-12T18:07:55Z</subfield>
   </datafield>
   <datafield ind2=" " ind1=" " tag="520">
      <subfield code="a">La campaña oceanográfica franco-japonesa Yokosuka 90, llevada a cabo del 10 de Enero al 6 de Febrero de 1991, tuvo por objeto el estudio geológico y geofísico del segmento de segundo orden o ramal de dirección N160 de la dorsal de la Cuenca Nor-Fidjiana (Pacífico sudoeste). Este ramal es especialmente interesante, no sólo por estar situado en una cuenca de tras-arco, sino también en el marco de las hipótesis que intentan establecer las relaciones entre tasas de expansión y morfoestructura en las dorsales oceánicas. Así, en el ramal estudiado coinciden una tasa de expansión intermedia (5 cm/a) y una morfología típica de dorsal lenta. Dicho ramal, segmentado y constituido por una sucesión de crestas y de grabens desplazados lateralmente, se sitúa entre dos puntos mples, uno de tipo dorsal-dorsal-zona de fractura (RRF), al sur, y otro, de tipo dorsal-dorsal-dorsal (RRR), al norte. El ramal N160 de la Cuenca Nor-Fidjiana es, por otra parte, extremadamente joven ya que de acuerdo con las anomalías magnéticas se habna formado durante un episodio volcano-tectónico iniciado hace menos de 1 Ma.</subfield>
   </datafield>
   <datafield tag="653" ind2=" " ind1=" ">
      <subfield code="a">Tectònica de plaques</subfield>
   </datafield>
   <datafield tag="653" ind2=" " ind1=" ">
      <subfield code="a">Oceania</subfield>
   </datafield>
   <datafield tag="653" ind2=" " ind1=" ">
      <subfield code="a">Plate tectonics</subfield>
   </datafield>
   <datafield tag="653" ind2=" " ind1=" ">
      <subfield code="a">Oceania</subfield>
   </datafield>
   <datafield ind2="0" ind1="0" tag="245">
      <subfield code="a">Morfoestructura y evolución del ramal N160 de la dorsal de la Cuenca Nor-Fidjiana (Pacífico sudoeste)</subfield>
   </datafield>
</record></metadata></record></GetRecord></OAI-PMH>